00699nam a2200241 a 4500001001300000003000900013005001700022008004100039020002300080082001800103100001900121245003100140260004100171300000900212500003500221505001000256650000900266700001900275902000800294942000700302952013100309999001700440nice12345678IN_TiNIC20260116014447.0070416s2002 newa grp 000 0 eng  a0761996222 c46000a362.1969bPAN aPanda, Samiran aLiving With the Aids Virus aNew Delhi bSage Publications c2002 a204p aincludes index and biblioraphy2 aIndex aAids1 aPanda, Samiran bSRS cBK 001040708StackRoom-aHMIbHMId2008-12-01g460.00l1o362.1969 PANp021475r2019-09-05s2019-08-13v460.00w2007-04-16yBK c15436d15436